| 000 | 01335nam a2200361 i 4500 | ||
|---|---|---|---|
| 001 | 000005696 | ||
| 003 | DO-SdBNP | ||
| 005 | 20250528092607.0 | ||
| 007 | ta | ||
| 008 | 090821s2009 dr ac 000 0 spa d | ||
| 020 | _a9789945408249 | ||
| 040 |
_aDO-SdBNP _bspa _cBNPHU _erda |
||
| 082 | 4 |
_a781.63 _bC117m _222 |
|
| 100 | 1 |
_aCabral, Euri _eautor _4aut. _91097 |
|
| 245 | 1 | 3 |
_aEl merengue y la bachata : _borígenes, etapas y líderes / _cEuri Cabral. |
| 264 |
_aSanto Domingo : _bProducciones el y ella, _c2009. |
||
| 300 |
_a225 páginas : _bilustraciones, retratos ; _c24 cm. |
||
| 336 |
_atexto _btxt _2rdacontent |
||
| 337 |
_asin mediación _bn _2rdamedia |
||
| 338 |
_avolumen _bnc _2rdacarrier |
||
| 500 | _aIncluye índice | ||
| 500 | _aIncluye datos biográficos del autor en la solapa de la contracubierta | ||
| 504 | _aBibliografía: p. 219-225 | ||
| 590 | _aInventariado, 2018/ LP | ||
| 650 | 4 |
_aMerengue (Música) _zRepública Dominicana _xHistoria _916088 |
|
| 650 | 4 |
_aMerengue (Música) _zCaribe (Región) _916089 |
|
| 650 | 4 |
_aBachata (Música) _zRepública Dominicana _xHistoria _916090 |
|
| 650 | 4 |
_aMúsicos dominicanos _916091 |
|
| 650 | 4 |
_aMúsica bailable dominicana _91103 |
|
| 650 | 4 |
_aMúsica popular _zRepública Dominicana _91323 |
|
| 910 | _aValidado. Control de calidad BNPHU | ||
| 942 |
_2ddc _cLBS1 |
||
| 999 |
_c5493 _d5493 |
||